| 000 | 00693nam a22002297a 4500 | ||
|---|---|---|---|
| 999 |
_c8509 _d8509 |
||
| 003 | AR-CdUCM | ||
| 008 | 190325b ||||| |||| 00| 0 spa d | ||
| 040 |
_aMUNICIPALIDAD PROVINCIAL DEL CUSCO _cBIBLIOTECA MUNICIPAL DEL CUSCO |
||
| 082 |
_a818.5 / _bW82 |
||
| 100 |
_aWoolrich, Cornell _914333 |
||
| 245 | _aEl Negro Sendero del Miedo / | ||
| 260 |
_aBarcelona : _bEdiciones Acervo, _c1963. |
||
| 300 |
_a184 paginas ; _c20 cm. |
||
| 440 |
_aColección Policiaca Acervo _n3 _923840 |
||
| 650 |
_aNovelas _9218 |
||
| 650 |
_aEstados Unidos _92115 |
||
| 650 |
_aSiglo XX _98 |
||
| 650 |
_aNovelas Policiacas _92100 |
||
| 700 |
_aAroca, Jose _923841 |
||
| 942 |
_2ddc _cLIBROS |
||
| 945 | _apjha | ||